III Asamblea de Instituciones Culturales de las Diputaciones Provinciales : Barcelona, 25 al 31 de marzo de 1968 : programa de actos Barcelona, 25 al 31 de marzo de 1968 :
Descripción Física:
35 p. : il. ; 21 cm
MARC
| LEADER | 00000nam a2200000Ia 4500 | ||
|---|---|---|---|
| 001 | 8519 | ||
| 003 | BGR | ||
| 005 | 20260324175251.0 | ||
| 008 | 160829s1968 xx 000 0 cat d | ||
| 080 | |a FU-9-2 | ||
| 111 | |a Asamblea de Instituciones de Cultura de las Diputaciones Provinciales |c (Barcelona : |d 1968) |9 70448 | ||
| 245 | |a III Asamblea de Instituciones Culturales de las Diputaciones Provinciales : |b Barcelona, 25 al 31 de marzo de 1968 : |b programa de actos | ||
| 260 | |a Barcelona : |b Diputación Provincial de Barcelona, |c 1968 | ||
| 300 | |a 35 p. : |b il. ; |c 21 cm | ||
| 650 | |a Diputacions províncials |x Congressos |9 29718 | ||
| 650 | |a Cultura |x Congressos |9 24761 | ||
| 710 | 1 | |a Barcelona (Catalunya : Província). |b Diputació |9 52408 | |
| 901 | |a Arxiu | ||
| 942 | |n 1 |2 udc |c MON | ||
| 952 | |0 0 |1 0 |4 0 |6 FU92 |7 1 |9 42964 |a Arxiu |b Arxiu |d 2016-12-01 |l 0 |o FU-9-2 |p 8519 |r 2016-12-01 00:00:00 |w 2016-12-01 |y ARXIU | ||
| 999 | |c 45507 |d 45507 | ||